004910000a2200133000450024501150000065000150011565000200013065000240015065000210017465100500019504100140024510000280025977300700028710aDeterminación de aldrin y metilparation en aguas, sedimentos y peces del caño Chocho, Puerto López, Meta14aEcología14aContaminación14aAnálisis del agua14aCalidad del agua 4lCaño ChochomPuerto LópezdMetapColombia0 aEspañol1 aDonato R., John Charles1 tTrianea: Acta Científica y Tecnológica3159h4q437-458d1991